Evaluación social de proyectos

Enregistré dans:
Détails bibliographiques
Auteur principal: Fontaine, Ernesto R (Auteur)
Format: Livre
Langue:espagnol
Publié: Ciudad de México Pearson Educación 2008
Édition:13a. ed
Sujets:
Tags: Ajouter un tag
Pas de tags, Soyez le premier à ajouter un tag!

MARC

LEADER 00000cam a2200000 a 4500
001 UCI8744
003 CL-VaPUC
005 20240704124438.0
008 080925e20080000MX |||||||||||||||||spa|d
999 |c 331538  |d 331536 
020 |a 9702613000 
040 |c Pontificia Universidad Católica de Valparaíso 
082 0 4 |a 338.9  |b FON  |2 21 
100 0 |a Fontaine, Ernesto R  |e author  |9 532333 
245 1 0 |a Evaluación social de proyectos 
250 |a 13a. ed 
260 |a Ciudad de México  |b Pearson Educación  |c 2008 
300 |a 622 p 
583 |a last modification  |c 20130704 11:29:50  |k Rodrigo Vera 
650 0 |a Evaluación de proyectos  |9 889929  |x Aspectos sociales 
650 0 |a Desarrollo económico  |2 CL-VaPUC  |9 259599 
650 0 |a Inversiones  |9 889930  |x Toma de decisiones 
650 0 |a Economía del bienestar  |2 CL-VaPUC  |9 889931  |x Microeconomía 
942 |c BK  |2 ddc 
945 |d 20080925 00:00:00  |a jtorresc 
952 |0 0  |1 0  |2 ddc  |4 0  |6 338_900000000000000_FON_2008  |7 0  |8 A  |9 418265  |a BIBING  |b BIBING  |c RES  |d 2019-11-22  |i 4483375  |o 338.9 FON 2008  |p 4483375  |r 2025-01-20  |w 2019-11-22  |y BK  |k CIC 
952 |0 0  |1 0  |4 0  |6 338_900000000000000_FON_2008  |7 0  |8 R  |9 418266  |a BIBENE  |b BIBENE  |d 2019-11-22  |i 4488547  |o 338.9 FON 2008  |p 4488547  |r 2025-01-15  |w 2019-11-22  |y BK_R  |k ICO 
952 |0 0  |1 0  |2 ddc  |4 0  |6 338_900000000000000_FON_2008  |7 0  |8 A  |9 418267  |a BIBMEC  |b BIBMEC  |d 2019-11-22  |i 4507444  |o 338.9 FON 2008  |p 4507444  |r 2024-01-19  |w 2019-11-22  |y BK_P  |k MEC 
952 |0 0  |1 0  |4 0  |6 338_900000000000000_FON_2008  |7 0  |8 R  |9 418268  |a BIBGIM  |b BIBGIM  |d 2019-11-22  |i 4629779  |o 338.9 FON 2008  |p 4629779  |r 2025-01-15  |w 2019-11-22  |y BK_R  |k COM 
952 |0 0  |1 0  |4 0  |6 338_900000000000000_FON_2008  |7 0  |8 R  |9 418269  |a BIBGIM  |b BIBGIM  |d 2019-11-22  |i 4629787  |o 338.9 FON 2008  |p 4629787  |r 2025-01-15  |w 2019-11-22  |y BK_R  |k COM 
952 |0 0  |1 0  |4 0  |6 338_900000000000000_FON_2008  |7 0  |8 R  |9 418270  |a BIBGIM  |b BIBGIM  |d 2019-11-22  |i 4629795  |o 338.9 FON 2008  |p 4629795  |r 2025-01-15  |w 2019-11-22  |y BK_R  |k COM 
952 |0 0  |1 0  |4 0  |6 338_900000000000000_FON_2008  |7 0  |8 R  |9 418271  |a BIBGIM  |b BIBGIM  |d 2019-11-22  |i 4629809  |l 1  |o 338.9 FON 2008  |p 4629809  |r 2025-01-15  |s 2022-03-14  |w 2019-11-22  |y BK_R  |k COM 
952 |0 0  |1 0  |4 0  |6 338_900000000000000_FON_2008  |7 0  |8 R  |9 418272  |a BIBGIM  |b BIBGIM  |d 2019-11-22  |i 4629817  |o 338.9 FON 2008  |p 4629817  |r 2025-01-15  |w 2019-11-22  |y BK_R  |k COM 
952 |0 0  |1 0  |2 ddc  |4 0  |6 338_900000000000000_FON_2008  |7 0  |8 A  |9 418273  |a BIBMEC  |b BIBMEC  |d 2019-11-22  |i 4776100  |o 338.9 FON 2008  |p 4776100  |r 2024-01-19  |w 2019-11-22  |y BK_P  |k MEC 
952 |0 0  |1 0  |4 0  |6 338_900000000000000_FON_2008  |7 0  |8 R  |9 418274  |a BIBGIM  |b BIBGIM  |d 2019-11-22  |i 4987683  |l 1  |o 338.9 FON 2008  |p 4987683  |r 2025-01-15  |s 2024-04-22  |w 2019-11-22  |y BK_R  |k SSL